[Event "España ch sub-18 2012"]
[Site "Salobreña ESP"]
[Date "2012.07.25"]
[Round "5.19"]
[White "Garcia Perez, Javier"]
[Black "Martin Hernandez, Ruben"]
[Result "1/2-1/2"]
[WhiteElo "2002"]
[BlackElo "2195"]
[PlyCount "59"]
[EventDate "2012.07.23"]
[EventType "swiss"]
[EventRounds "9"]
[EventCountry "ESP"]
[Source "lmi"]
[SourceDate "2012.07.23"]

1. e4 c5 2. d3 g6 3. Be3 Nc6 4. c3 d6 5. g3 Bg7 6. Bg2 e5 7. Ne2 Nge7 8. O-O
O-O 9. Qd2 Be6 10. Na3 b6 11. d4 cxd4 12. cxd4 d5 13. Rfd1 dxe4 14. dxe5 Qxd2
15. Rxd2 Bf5 16. Nc3 Nxe5 17. Nxe4 Bg4 18. Bg5 Nf5 19. Nf6+ Bxf6 20. Bxf6 Nf3+
21. Bxf3 Bxf3 22. Re1 Rfe8 23. Rxe8+ Rxe8 24. Rd8 Rxd8 25. Bxd8 Be2 26. Nc2 Kf8
27. Bf6 Ke8 28. Nd4 Nxd4 29. Bxd4 Kd7 30. f4 1/2-1/2

[Event "España ch sub-18 2012"]
[Site "Salobreña ESP"]
[Date "2012.07.25"]
[Round "5.20"]
[White "Romero Lopez, Cristina"]
[Black "Silva Rodriguez, Julio"]
[Result "0-1"]
[WhiteElo "1949"]
[BlackElo "2168"]
[PlyCount "64"]
[EventDate "2012.07.23"]
[EventType "swiss"]
[EventRounds "9"]
[EventCountry "ESP"]
[Source "lmi"]
[SourceDate "2012.07.23"]

1. e4 e6 2. Nf3 d5 3. Nc3 Nf6 4. e5 Nfd7 5. d4 c5 6. dxc5 Nc6 7. Bf4 Bxc5 8.
Bd3 h6 9. h4 a6 10. Qd2 b5 11. Rh3 Bf8 12. h5 Nc5 13. Rg3 Nxd3+ 14. cxd3 d4 15.
Ne4 Bb4 16. Nc3 dxc3 17. bxc3 Bf8 18. a4 Bb7 19. axb5 axb5 20. Rb1 Qa5 21. Qb2
Rd8 22. Qxb5 Qxb5 23. Rxb5 Rd7 24. d4 Ne7 25. Nd2 Nd5 26. Rf3 Be7 27. Bg3 O-O
28. c4 Bc6 29. Rbb3 Nb4 30. Rf4 Rxd4 31. Rxb4 Rxf4 32. Rb6 Rd4 0-1

[Event "España ch sub-18 2012"]
[Site "Salobreña ESP"]
[Date "2012.07.25"]
[Round "5.21"]
[White "Acosta Sosa, Juan Manuel"]
[Black "Garcia Del Campo, Efren"]
[Result "1/2-1/2"]
[WhiteElo "2166"]
[BlackElo "1936"]
[PlyCount "64"]
[EventDate "2012.07.23"]
[EventType "swiss"]
[EventRounds "9"]
[EventCountry "ESP"]
[Source "lmi"]
[SourceDate "2012.07.23"]

1. d4 d5 2. c4 e6 3. Nc3 Nf6 4. cxd5 exd5 5. Bg5 Be7 6. e3 O-O 7. Bd3 c6 8. Qc2
Nbd7 9. Nf3 Re8 10. O-O h6 11. Bh4 Ne4 12. Bxe7 Qxe7 13. Rab1 Ndf6 14. b4 Bf5
15. Rb3 Rac8 16. Na4 b6 17. Rc1 Bd7 18. Rb2 c5 19. bxc5 Bxa4 20. Qxa4 bxc5 21.
Ba6 Rb8 22. Rxb8 Rxb8 23. Qa3 Rb6 24. h3 Qc7 25. dxc5 Rc6 26. Rb1 Rxc5 27. Bf1
Rc2 28. Rb2 Nxf2 29. Rxc2 Qxc2 30. Nd4 Qd2 31. Nf3 Qc2 32. Nd4 Qd2 1/2-1/2

[Event "España ch sub-18 2012"]
[Site "Salobreña ESP"]
[Date "2012.07.25"]
[Round "5.22"]
[White "Navarro Molina, David"]
[Black "De La Esperanza Martin, Alberto"]
[Result "1-0"]
[WhiteElo "2141"]
[BlackElo "1907"]
[PlyCount "39"]
[EventDate "2012.07.23"]
[EventType "swiss"]
[EventRounds "9"]
[EventCountry "ESP"]
[Source "lmi"]
[SourceDate "2012.07.23"]

1. d4 d5 2. c4 c6 3. Nc3 e6 4. e3 f5 5. Bd3 Nf6 6. Nge2 Be7 7. Qc2 Nbd7 8. Nf4
Nf8 9. cxd5 cxd5 10. Nb5 Kf7 11. f3 Bd7 12. Nc3 Bc6 13. O-O Rc8 14. Qe2 Ng6 15.
Nh3 h6 16. e4 Qd7 17. exf5 Nf8 18. Qc2 Bd6 19. Nf4 e5 20. Ng6 1-0

[Event "España ch sub-18 2012"]
[Site "Salobreña ESP"]
[Date "2012.07.25"]
[Round "5.23"]
[White "Sanchez Garcia, Julio"]
[Black "Blazquez Criado, Sergio"]
[Result "1-0"]
[WhiteElo "2108"]
[BlackElo "1888"]
[PlyCount "49"]
[EventDate "2012.07.23"]
[EventType "swiss"]
[EventRounds "9"]
[EventCountry "ESP"]
[Source "lmi"]
[SourceDate "2012.07.23"]

1. d4 Nf6 2. c4 e5 3. dxe5 Ng4 4. Bf4 g5 5. Bg3 Bg7 6. Nf3 Nc6 7. e4 Ngxe5 8.
Nxe5 Nxe5 9. Nc3 d6 10. Qd2 Be6 11. Nd5 c6 12. Ne3 Qe7 13. Be2 h5 14. h4 g4 15.
Qa5 Ng6 16. O-O-O Be5 17. Bxe5 dxe5 18. g3 f6 19. c5 Kf7 20. Nf5 Bxf5 21. exf5
Nf8 22. Bc4+ Kg7 23. Rd6 Nd7 24. Qc7 Qd8 25. Bf1 1-0

[Event "España ch sub-18 2012"]
[Site "Salobreña ESP"]
[Date "2012.07.25"]
[Round "5.24"]
[White "Gonzalez Hernandez, Ferran"]
[Black "Mercado Larrea, Adrian"]
[Result "1-0"]
[WhiteElo "2101"]
[BlackElo "1875"]
[PlyCount "177"]
[EventDate "2012.07.23"]
[EventType "swiss"]
[EventRounds "9"]
[EventCountry "ESP"]
[Source "lmi"]
[SourceDate "2012.07.23"]

1. e4 c5 2. Nf3 Nc6 3. Bb5 g6 4. O-O Bg7 5. Re1 e5 6. Bxc6 dxc6 7. b3 Qe7 8.
Bb2 Bg4 9. d3 Bxf3 10. Qxf3 Nf6 11. Nd2 O-O 12. Nc4 Nd7 13. a4 a5 14. Qg3 b6
15. f4 f6 16. Rf1 Rf7 17. Rf3 Raf8 18. Raf1 g5 19. f5 h5 20. R3f2 Bh8 21. Bc1
Rh7 22. Re2 Rb8 23. Qe1 Bg7 24. Be3 Bf8 25. Qd2 Qd8 26. Nb2 Rb7 27. Rd1 Nb8 28.
c3 Rbd7 29. Qc2 Na6 30. Red2 Qc7 31. Kh1 Bd6 32. Bg1 Rd8 33. d4 Rhd7 34. d5 Be7
35. Nc4 cxd5 36. exd5 Bd6 37. Qe4 Rh7 38. Na3 Qe7 39. Re1 Kh8 40. Qc4 Nc7 41.
Qd3 Rb8 42. Nc4 Qd8 43. Rb1 Rd7 44. Bf2 Kh7 45. Be1 Kh6 46. Qe4 Na6 47. Na3 Ra8
48. Qe3 Kh7 49. Rd3 Be7 50. Rbd1 Bd6 51. Qe4 Kg8 52. Rh3 Rh7 53. Qe2 h4 54. g3
hxg3 55. Rxh7 Kxh7 56. hxg3 Kg7 57. Kg2 Qd7 58. Nc4 Bc7 59. d6 Bd8 60. Ne3 Ra7
61. Kf2 Nb8 62. Qg4 Qe8 63. Bd2 Kh8 64. Rh1+ Rh7 65. Rxh7+ Kxh7 66. Qh3+ Kg7
67. Ng4 Qh8 68. Qxh8+ Kxh8 69. Ke3 Kg8 70. Ke4 Kf8 71. Kd5 Kf7 72. Nf2 Nd7 73.
Be3 Ke8 74. Ne4 Nb8 75. Ke6 Nd7 76. Kd5 Nb8 77. Nd2 Kd7 78. Nc4 Nc6 79. Bf2 Nb8
80. Na3 Nc6 81. Nb5 Nb8 82. Na7 e4 83. Be3 Ke8 84. Nc6 Nd7 85. Bf2 Nf8 86. Nb8
Nd7 87. Nxd7 Kxd7 88. Be3 Kc8 89. Kc6 1-0

[Event "España ch sub-18 2012"]
[Site "Salobreña ESP"]
[Date "2012.07.26"]
[Round "6.1"]
[White "Anton Guijarro, David"]
[Black "Alcaraz Ortega, Javier"]
[Result "1/2-1/2"]
[WhiteElo "2490"]
[BlackElo "2297"]
[PlyCount "121"]
[EventDate "2012.07.23"]
[EventType "swiss"]
[EventRounds "9"]
[EventCountry "ESP"]
[Source "lmi"]
[SourceDate "2012.07.23"]

1. Nf3 d5 2. b3 Bg4 3. Ne5 Bf5 4. e3 Nd7 5. d4 e6 6. Bb2 Ngf6 7. Nd2 Ne4 8.
Nxe4 Bxe4 9. f3 Bf5 10. h4 Bb4+ 11. Kf2 h5 12. c4 c6 13. Nxd7 Qxd7 14. c5 Ba5
15. b4 Bc7 16. Be2 Qe7 17. b5 e5 18. bxc6 bxc6 19. Qa4 Bd7 20. dxe5 Bxe5 21.
Bxe5 Qxe5 22. Rab1 O-O 23. Qd4 Qxd4 24. exd4 Rab8 25. Bd3 g6 26. Kg3 Kg7 27.
Kf4 f6 28. Rxb8 Rxb8 29. Rb1 Rxb1 30. Bxb1 Bc8 31. Bd3 Kf7 32. Ke3 f5 33. Kf4
Kf6 34. Be2 Bb7 35. g4 fxg4 36. fxg4 hxg4 37. Bxg4 Ba6 38. Bd7 Bb7 39. Be8 Ba8
40. Ke3 Bb7 41. Kd3 Kf5 42. Ke3 Kf6 43. a3 Kf5 44. Bd7+ Kf6 45. Kd2 Ke7 46. Bg4
Kd8 47. Kc3 Bc8 48. Bd1 Ke7 49. Kd3 Kf6 50. Ke3 g5 51. h5 Kg7 52. Kf3 Kh6 53.
Kg3 Bf5 54. Be2 Bc8 55. a4 Bf5 56. a5 Be6 57. Bd1 Bc8 58. Be2 Be6 59. Bf3 Bc8
60. Bd1 Bf5 61. Be2 1/2-1/2

[Event "España ch sub-18 2012"]
[Site "Salobreña ESP"]
[Date "2012.07.26"]
[Round "6.2"]
[White "Forcen Esteban, Daniel"]
[Black "Ladron De Guevara Pinto, Paolo"]
[Result "1/2-1/2"]
[WhiteElo "2457"]
[BlackElo "2353"]
[PlyCount "102"]
[EventDate "2012.07.23"]
[EventType "swiss"]
[EventRounds "9"]
[EventCountry "ESP"]
[Source "lmi"]
[SourceDate "2012.07.23"]

1. e4 e6 2. d4 d5 3. Nd2 Nf6 4. e5 Nfd7 5. c3 c5 6. Bd3 Nc6 7. Ne2 cxd4 8. cxd4
f6 9. exf6 Nxf6 10. Nf3 Bd6 11. O-O O-O 12. Bf4 Nh5 13. Bxd6 Qxd6 14. Qd2 Bd7
15. Bb5 Nf6 16. Rac1 Ng4 17. Qg5 Rxf3 18. Qxg4 Rf6 19. Qg3 Qb4 20. Bxc6 Bxc6
21. Qc3 Qd6 22. Rfe1 Raf8 23. f3 h5 24. Qe3 Bb5 25. Nc3 Be8 26. Nd1 Qb6 27. Rc2
Bg6 28. Rce2 Rc8 29. Nf2 Rc4 30. Rd2 Qc7 31. Nh3 a5 32. Rdd1 Bf5 33. Ng5 b5 34.
Rc1 b4 35. Rxc4 dxc4 36. Ne4 Bxe4 37. Qxe4 Qf4 38. Qxf4 Rxf4 39. Rd1 c3 40.
bxc3 bxc3 41. Kf2 c2 42. Rc1 Rxd4 43. Rxc2 Kf7 44. Rc5 Rd2+ 45. Kg3 Rxa2 46.
Rxh5 Ke7 47. Rg5 Kf6 48. f4 a4 49. Ra5 a3 50. Kf3 Ra1 51. Kg4 Ra2 1/2-1/2

[Event "España ch sub-18 2012"]
[Site "Salobreña ESP"]
[Date "2012.07.26"]
[Round "6.3"]
[White "Sanchez Ibern, Marc"]
[Black "Molina Rodriguez, Borja"]
[Result "1-0"]
[WhiteElo "2364"]
[BlackElo "2124"]
[PlyCount "67"]
[EventDate "2012.07.23"]
[EventType "swiss"]
[EventRounds "9"]
[EventCountry "ESP"]
[Source "lmi"]
[SourceDate "2012.07.23"]

1. e4 e5 2. Nf3 Nc6 3. d4 exd4 4. Bc4 Bc5 5. c3 Nf6 6. cxd4 Bb4+ 7. Bd2 Bxd2+
8. Nbxd2 d5 9. exd5 Nxd5 10. O-O O-O 11. Bb5 Nce7 12. Re1 c6 13. Bf1 Bg4 14. h3
Bh5 15. Qb3 Qb6 16. Qa3 Rfe8 17. Nc4 Qc7 18. Rac1 Nf4 19. Nd6 Reb8 20. Nxf7
Kxf7 21. Ng5+ Ke8 22. Re5 Rd8 23. Rce1 Rd7 24. g3 h6 25. Qb3 Kd8 26. Nf7+ Ke8
27. Nxh6 Nfd5 28. Rxh5 gxh6 29. Rxh6 Kf7 30. Qf3+ Kg7 31. Qg4+ Kxh6 32. Re6+
Kh7 33. Bd3+ Ng6 34. Rxg6 1-0

[Event "España ch sub-18 2012"]
[Site "Salobreña ESP"]
[Date "2012.07.26"]
[Round "6.4"]
[White "Shen, Yue"]
[Black "Quintin Navarro, Alberto"]
[Result "1-0"]
[WhiteElo "2148"]
[BlackElo "2210"]
[PlyCount "97"]
[EventDate "2012.07.23"]
[EventType "swiss"]
[EventRounds "9"]
[EventCountry "ESP"]
[Source "lmi"]
[SourceDate "2012.07.23"]

1. d4 Nf6 2. c4 e6 3. g3 Bb4+ 4. Bd2 Qe7 5. Nf3 Nc6 6. Bg2 a5 7. O-O Bxd2 8.
Qxd2 d6 9. Nc3 O-O 10. h3 e5 11. e4 a4 12. Rfd1 exd4 13. Nxd4 Na5 14. Nd5 Qd8
15. Rac1 Be6 16. Qg5 Ne8 17. Qxd8 Rxd8 18. c5 Bxd5 19. exd5 dxc5 20. Rxc5 b6
21. Rc3 Nb7 22. Nc6 Rd6 23. Ne5 Nc5 24. Nd3 Nxd3 25. Rdxd3 f5 26. Rd4 c5 27.
Rxa4 Nc7 28. Rb3 b5 29. Ra7 Rc8 30. Rb7 b4 31. Re3 Kf7 32. Re5 Kf6 33. f4 Ra6
34. d6 Ne6 35. d7 Rd8 36. Bf1 Rd6 37. Bc4 g5 38. Bxe6 Rxe6 39. Rxc5 gxf4 40.
gxf4 Re4 41. Rc6+ Ke7 42. Rh6 Rg8+ 43. Kf2 Rxf4+ 44. Ke3 Re4+ 45. Kf3 Rd4 46.
Rxh7+ Kd6 47. Rh6+ Kc5 48. Rc7+ Kd5 49. Rc8 1-0

[Event "España ch sub-18 2012"]
[Site "Salobreña ESP"]
[Date "2012.07.26"]
[Round "6.5"]
[White "Fernandez Lledo, Javier"]
[Black "Villaseñor Rubio, Emilio Jose"]
[Result "1-0"]
[WhiteElo "2207"]
[BlackElo "2159"]
[PlyCount "63"]
[EventDate "2012.07.23"]
[EventType "swiss"]
[EventRounds "9"]
[EventCountry "ESP"]
[Source "lmi"]
[SourceDate "2012.07.23"]

1. e4 c5 2. b3 Nc6 3. Bb2 d6 4. Nf3 Nf6 5. Nc3 a6 6. a4 g6 7. Nd5 Bg7 8. Nxf6+
Bxf6 9. Bxf6 exf6 10. Bc4 O-O 11. O-O Re8 12. Bd5 f5 13. d3 Nb4 14. c3 fxe4 15.
cxb4 exf3 16. Qxf3 Re7 17. Rac1 cxb4 18. Rc4 a5 19. Rf4 Qe8 20. h4 Be6 21. Bxb7
Ra7 22. Bd5 Qd7 23. Rd4 Bf5 24. h5 gxh5 25. Qg3+ Kh8 26. Qg5 Rc7 27. Bc4 Be6
28. Qxa5 Rc5 29. Qxb4 Bxc4 30. Qxc5 dxc5 31. Rxd7 Rxd7 32. dxc4 1-0

[Event "España ch sub-18 2012"]
[Site "Salobreña ESP"]
[Date "2012.07.26"]
[Round "6.6"]
[White "Pardo Simon, David"]
[Black "Arnedo Ruiz, Alberto"]
[Result "1-0"]
[WhiteElo "2421"]
[BlackElo "2124"]
[PlyCount "94"]
[EventDate "2012.07.23"]
[EventType "swiss"]
[EventRounds "9"]
[EventCountry "ESP"]
[Source "lmi"]
[SourceDate "2012.07.23"]

1. Nf3 Nf6 2. c4 e6 3. Nc3 d5 4. e3 Be7 5. b3 O-O 6. Bb2 c5 7. d4 cxd4 8. exd4
b6 9. Bd3 Bb7 10. O-O Nbd7 11. Qe2 Rc8 12. Rac1 Re8 13. Ne5 dxc4 14. bxc4 Qc7
15. f4 Nf8 16. g4 Ng6 17. Nb5 Qd8 18. Nxa7 Nxe5 19. fxe5 Ra8 20. exf6 Bxf6 21.
Nb5 e5 22. dxe5 Rxa2 23. Rcd1 Qc8 24. Nd6 Qc5+ 25. Qf2 Rxb2 26. Qxc5 bxc5 27.
exf6 Rg2+ 28. Kh1 Bc6 29. Be4 Bxe4 30. Nxe4 Rxg4 31. Nxc5 Rxc4 32. Nd7 g5 33.
Rfe1 Rce4 34. Rxe4 Rxe4 35. Ne5 h5 36. Rd8+ Kh7 37. Nxf7 Kg6 38. Nxg5 Re1+ 39.
Kg2 Kxf6 40. Nf3 Ra1 41. Kg3 Ra4 42. Rd6+ Kg7 43. h3 Rb4 44. Nd4 Ra4 45. Kh4
Ra3 46. Nf5+ Kf7 47. Ng3 Kg7 1-0

[Event "España ch sub-18 2012"]
[Site "Salobreña ESP"]
[Date "2012.07.26"]
[Round "6.7"]
[White "Santos Ruiz, Miguel"]
[Black "Tejedor Fuentes, Enrique"]
[Result "0-1"]
[WhiteElo "2106"]
[BlackElo "2254"]
[PlyCount "84"]
[EventDate "2012.07.23"]
[EventType "swiss"]
[EventRounds "9"]
[EventCountry "ESP"]
[Source "lmi"]
[SourceDate "2012.07.23"]

1. e4 c5 2. Nf3 d6 3. Bb5+ Nd7 4. d4 cxd4 5. Qxd4 e6 6. Bg5 Qc7 7. O-O a6 8.
Bxd7+ Bxd7 9. c4 Rc8 10. Nbd2 h6 11. Bh4 e5 12. Qd3 Be6 13. Rac1 g5 14. Bg3 Bg7
15. Rfd1 Ne7 16. Nf1 Rd8 17. Ne3 O-O 18. Nd5 Qd7 19. Nd2 Ng6 20. b4 h5 21. f3
h4 22. Bf2 Bxd5 23. exd5 Nf4 24. Qe3 f5 25. Kh1 Kh7 26. g3 hxg3 27. hxg3 Nh3
28. Kg2 g4 29. fxg4 fxg4 30. Qd3+ Kg8 31. Bb6 Rde8 32. Rf1 Nf4+ 33. gxf4 exf4
34. Ne4 Qf5 35. Rce1 f3+ 36. Kf2 g3+ 37. Kxg3 Qf4+ 38. Kh3 Qh6+ 39. Kg3 Be5+
40. Kf2 Qh2+ 41. Ke3 Bf4+ 42. Kxf3 Bg5+ 0-1

[Event "España ch sub-18 2012"]
[Site "Salobreña ESP"]
[Date "2012.07.26"]
[Round "6.8"]
[White "Valhondo Morales, Ruben"]
[Black "Suarez Uriel, Adrian"]
[Result "0-1"]
[WhiteElo "2085"]
[BlackElo "2249"]
[PlyCount "206"]
[EventDate "2012.07.23"]
[EventType "swiss"]
[EventRounds "9"]
[EventCountry "ESP"]
[Source "lmi"]
[SourceDate "2012.07.23"]

1. Nf3 g6 2. e4 c5 3. Nc3 Nc6 4. d4 cxd4 5. Nxd4 Bg7 6. Be3 Nf6 7. Bc4 O-O 8.
Bb3 Qa5 9. O-O d6 10. h3 Bd7 11. f4 Rae8 12. Nf3 Qh5 13. Qd2 b5 14. a3 a5 15.
Qd3 b4 16. Ne2 Rb8 17. a4 Bh8 18. Ng3 Qh6 19. f5 Qg7 20. Kh2 Ne8 21. Rab1 Ne5
22. Nxe5 Qxe5 23. Bf4 Qd4 24. Qf3 Nf6 25. Be3 Qe5 26. Bf4 Qc5 27. Rbe1 Bc6 28.
h4 Rbe8 29. Qd1 Rd8 30. Be3 Qe5 31. Bd4 Qxd4 32. Qxd4 Ng4+ 33. Kh3 Bxd4 34.
Kxg4 Bxb2 35. h5 Kg7 36. Rf3 Be5 37. Nh1 gxf5+ 38. Rxf5 Bd7 39. Nf2 Bxf5+ 40.
exf5 Rc8 41. Ne4 f6 42. Rh1 h6 43. Rd1 Rfd8 44. Rd5 Ra8 45. Kf3 Kf8 46. Ke3 Ke8
47. Kd3 Kd7 48. Nc5+ Kc6 49. Ne6 Rg8 50. Rb5 Rg3+ 51. Ke2 Rxg2+ 52. Kf1 Rd2 53.
Ke1 Bc3 54. Kf1 Ra7 55. Nd8+ Kd7 56. Nf7 Rh2 57. Rb8 Rxh5 58. Be6+ Kc7 59. Rc8+
Kb6 60. Nd8 Rc7 61. Rb8+ Kc5 62. Rb5+ Kd4 63. Bf7 Rxf5+ 64. Rxf5 Ke4 65. Rh5
Be5 66. Rxh6 Rxc2 67. Rh4+ Kf3 68. Bd5+ Ke3 69. Re4+ Kd3 70. Re1 Rc5 71. Be4+
Kd2 72. Nb7 Rc3 73. Nxa5 b3 74. Rb1 Ke3 75. Bd5 b2 76. Nc4+ Kd4 77. Rd1+ Rd3
78. Rxd3+ Kxd3 79. Nxe5+ dxe5 80. Ba2 Kd2 81. Bb1 Kc1 82. Bd3 e6 83. a5 f5 84.
a6 e4 85. Bb1 Kxb1 86. a7 Kc2 87. a8=Q b1=Q+ 88. Kf2 Qb6+ 89. Kg2 e3 90. Qa2+
Kd3 91. Qa3+ Ke4 92. Qa8+ Ke5 93. Qh8+ Kd5 94. Qa8+ Qc6 95. Qa2+ Ke4 96. Kg3
Qd6+ 97. Kh3 Qd5 98. Qc2+ Qd3 99. Qg2+ Ke5 100. Qg7+ Kd5 101. Qd7+ Ke4 102.
Qa4+ Kf3 103. Qc6+ Qe4 0-1

[Event "España ch sub-18 2012"]
[Site "Salobreña ESP"]
[Date "2012.07.26"]
[Round "6.9"]
[White "Aranaz Murillo, Amalia"]
[Black "Cerrato Torrijos, Maria"]
[Result "0-1"]
[WhiteElo "2248"]
[BlackElo "2114"]
[PlyCount "80"]
[EventDate "2012.07.23"]
[EventType "swiss"]
[EventRounds "9"]
[EventCountry "ESP"]
[Source "lmi"]
[SourceDate "2012.07.23"]

1. Nf3 d5 2. g3 Nf6 3. Bg2 c5 4. c4 d4 5. b4 cxb4 6. a3 b3 7. d3 Nc6 8. Nbd2 e5
9. Rb1 Bd6 10. O-O O-O 11. Ng5 Nd7 12. Nxb3 h6 13. Ne4 Be7 14. Na1 f5 15. Nd2
a5 16. Nc2 Nc5 17. f4 exf4 18. Rxf4 Ne6 19. Rf1 Ra6 20. Rb5 f4 21. Ne4 fxg3 22.
hxg3 Rb6 23. Rxf8+ Bxf8 24. Bb2 Rxb5 25. cxb5 Ne5 26. Qa1 Ng4 27. Nxd4 Ng5 28.
Nxg5 Qxg5 29. Qc1 Qh5 30. Nf3 Be6 31. Qc3 Qxb5 32. Ne5 Nxe5 33. Qxe5 Qxe5 34.
Bxe5 Bxa3 35. Bxb7 a4 36. Kf2 Bc1 37. d4 a3 38. d5 Bf5 39. e4 Bxe4 40. Ke1 Kf7
0-1

[Event "España ch sub-18 2012"]
[Site "Salobreña ESP"]
[Date "2012.07.26"]
[Round "6.10"]
[White "Garcia Rodriguez, Sara"]
[Black "Nicolas Zapata, Irene"]
[Result "0-1"]
[WhiteElo "2015"]
[BlackElo "2235"]
[PlyCount "66"]
[EventDate "2012.07.23"]
[EventType "swiss"]
[EventRounds "9"]
[EventCountry "ESP"]
[Source "lmi"]
[SourceDate "2012.07.23"]

1. e4 c5 2. Nf3 d6 3. d4 cxd4 4. Nxd4 Nf6 5. Nc3 g6 6. Be2 Bg7 7. Be3 O-O 8.
O-O Nbd7 9. f4 a6 10. a4 Qc7 11. a5 e5 12. Nb3 exf4 13. Bxf4 Ne5 14. Bg5 Ned7
15. Ra4 h6 16. Bh4 g5 17. Bg3 Ne5 18. Rd4 Ne8 19. Nd5 Qb8 20. Ne7+ Kh7 21. Bh5
Nf6 22. Nf5 Bxf5 23. Rxf5 Qc8 24. Bxe5 dxe5 25. Rd3 Qc4 26. Re3 Rad8 27. Qe2
Qc6 28. Bg4 Rd6 29. Rf1 Nxg4 30. Rc3 Qd7 31. Nc5 Qc8 32. Nxa6 Rc6 33. Rxc6 Qxc6
0-1

[Event "España ch sub-18 2012"]
[Site "Salobreña ESP"]
[Date "2012.07.26"]
[Round "6.11"]
[White "Rodriguez Ferraz, Borja"]
[Black "Urriza Iricibar, Pablo"]
[Result "1-0"]
[WhiteElo "2172"]
[BlackElo "1978"]
[PlyCount "73"]
[EventDate "2012.07.23"]
[EventType "swiss"]
[EventRounds "9"]
[EventCountry "ESP"]
[Source "lmi"]
[SourceDate "2012.07.23"]

1. d4 Nf6 2. c4 c5 3. d5 b5 4. cxb5 a6 5. b6 e6 6. Nc3 Nxd5 7. Nxd5 exd5 8.
Qxd5 Nc6 9. e4 Be7 10. Nf3 Rb8 11. Bc4 O-O 12. O-O Rxb6 13. b3 Na5 14. Ne5 Nxc4
15. Nxc4 Bb7 16. Qd3 Re6 17. f3 d5 18. exd5 Qxd5 19. Qxd5 Bxd5 20. Bb2 Rb8 21.
Bc3 Bg5 22. Rfe1 Bxc4 23. bxc4 Be3+ 24. Kf1 Rd8 25. Rad1 Bg5 26. Rxd8+ Bxd8 27.
Rxe6 fxe6 28. Ke2 Kf7 29. Kd3 Bf6 30. Bxf6 gxf6 31. Ke4 Ke7 32. g4 h6 33. f4
Kf7 34. f5 a5 35. a4 Ke7 36. fxe6 Kxe6 37. h3 1-0

[Event "España ch sub-18 2012"]
[Site "Salobreña ESP"]
[Date "2012.07.26"]
[Round "6.12"]
[White "Bals Hernandez, Jordi"]
[Black "Gomez Dieguez, David"]
[Result "1-0"]
[WhiteElo "2166"]
[BlackElo "2081"]
[PlyCount "69"]
[EventDate "2012.07.23"]
[EventType "swiss"]
[EventRounds "9"]
[EventCountry "ESP"]
[Source "lmi"]
[SourceDate "2012.07.23"]

1. d4 Nf6 2. c4 e5 3. dxe5 Ng4 4. e3 Nxe5 5. f4 Nec6 6. Nc3 Bb4 7. Bd2 Qe7 8.
Nd5 Bxd2+ 9. Qxd2 Qd6 10. c5 Qxc5 11. Nxc7+ Kd8 12. Nxa8 Re8 13. Kf2 d5 14. Rc1
Qd6 15. Nf3 Nd7 16. Bd3 Nf6 17. h3 g6 18. Rhe1 Bf5 19. Bxf5 gxf5 20. Kg1 Ne4
21. Qc2 Ke7 22. Ne5 Rc8 23. Nxc6+ bxc6 24. Qa4 Qd7 25. Qd4 f6 26. b4 Rxa8 27.
Rc2 Kd6 28. Rd1 Qf7 29. Rd3 Rc8 30. Ra3 Rc7 31. Ra6 Qg7 32. b5 Qg3 33. Raxc6+
Rxc6 34. Rxc6+ Ke7 35. Qxa7+ 1-0

[Event "España ch sub-18 2012"]
[Site "Salobreña ESP"]
[Date "2012.07.26"]
[Round "6.13"]
[White "Navarro Lopez-Menchero, Daniel"]
[Black "Medarde Santiago, Luis Marcos"]
[Result "1/2-1/2"]
[WhiteElo "2230"]
[BlackElo "2024"]
[PlyCount "149"]
[EventDate "2012.07.23"]
[EventType "swiss"]
[EventRounds "9"]
[EventCountry "ESP"]
[Source "lmi"]
[SourceDate "2012.07.23"]

1. e4 c5 2. Nf3 d6 3. d4 cxd4 4. Nxd4 Nf6 5. Nc3 g6 6. h3 Bg7 7. Bc4 Nc6 8. Nf3
O-O 9. O-O a6 10. Re1 b5 11. Bb3 Bb7 12. Bg5 h6 13. Bh4 Rc8 14. Qe2 Nd7 15. a3
Qa5 16. Qe3 g5 17. Bg3 Nce5 18. Nxe5 Nxe5 19. Nd5 Rfe8 20. c3 Nc4 21. Bxc4 Rxc4
22. Qa7 Bxd5 23. exd5 Qc7 24. Qe3 Bf6 25. Qd3 Rc8 26. Qf5 a5 27. Rab1 b4 28.
cxb4 axb4 29. b3 Rc3 30. axb4 Qb7 31. Bxd6 Rd8 32. Bc5 Rxd5 33. Qe4 Rd7 34. Qg4
Kg7 35. h4 Qd5 36. hxg5 hxg5 37. Be3 Rd3 38. Rbc1 Qe6 39. Qh5 R7d5 40. Rcd1
Rxd1 41. Rxd1 Qd6 42. Rxd5 Qxd5 43. Qg4 Kg6 44. f4 Qxb3 45. f5+ Kh6 46. Qh4+
Kg7 47. Bxg5 Qb1+ 48. Kh2 Qxf5 49. Bxf6+ Qxf6 50. Qg3+ Kf8 51. Qb8+ Kg7 52.
Qg3+ Kf8 53. b5 Qh6+ 54. Kg1 Qb6+ 55. Kh2 Qxb5 56. Qh3 Qe5+ 57. g3 Kg8 58. Qg4+
Qg7 59. Qd7 e5 60. Qc8+ Qf8 61. Qg4+ Qg7 62. Qc8+ Kh7 63. Qf5+ Kh8 64. Kg2 Kg8
65. Qc8+ Kh7 66. Qf5+ Kh6 67. g4 Qg5 68. Qxf7 Qxg4+ 69. Kf2 Kg5 70. Qg7+ Kf4
71. Qxg4+ Kxg4 72. Ke3 Kf5 73. Kf3 e4+ 74. Ke3 Ke5 75. Ke2 1/2-1/2

[Event "España ch sub-18 2012"]
[Site "Salobreña ESP"]
[Date "2012.07.26"]
[Round "6.14"]
[White "Perez Barreto, Adrian"]
[Black "Meneses Gonzalez, Kevin Moises"]
[Result "0-1"]
[WhiteElo "1961"]
[BlackElo "2264"]
[PlyCount "102"]
[EventDate "2012.07.23"]
[EventType "swiss"]
[EventRounds "9"]
[EventCountry "ESP"]
[Source "lmi"]
[SourceDate "2012.07.23"]

1. d4 Nf6 2. c4 g6 3. Nc3 Bg7 4. e4 d6 5. Nf3 O-O 6. Be2 Na6 7. O-O e5 8. Re1
Qe8 9. Bf1 Bg4 10. d5 Nb4 11. Be2 a5 12. h3 Bd7 13. a3 Na6 14. Bf1 a4 15. Nd2
Nc5 16. b4 axb3 17. Nxb3 Nxb3 18. Qxb3 b6 19. a4 Nh5 20. Nb5 Qd8 21. Bd2 f5 22.
a5 bxa5 23. Rxa5 fxe4 24. Rea1 Rxa5 25. Rxa5 Qf6 26. Be3 Bxb5 27. Rxb5 Bh6 28.
Bxh6 Qxf2+ 29. Kh2 Qxf1 30. Bxf8 Kxf8 31. Rb8+ Kg7 32. Rc8 Qf4+ 33. Kg1 e3 34.
Rxc7+ Kh6 35. Qb7 e2 36. Rxh7+ Kg5 37. Rxh5+ Kxh5 38. Qh7+ Kg5 39. h4+ Kf5 40.
Qf7+ Ke4 41. Qxf4+ exf4 42. Kf2 Kd3 43. Ke1 Kxc4 44. Kxe2 Kxd5 45. Kd2 Ke4 46.
Ke2 d5 47. Kf2 d4 48. Ke2 d3+ 49. Kd1 Ke3 50. Ke1 d2+ 51. Kd1 Kf2 0-1

[Event "España ch sub-18 2012"]
[Site "Salobreña ESP"]
[Date "2012.07.26"]
[Round "6.15"]
[White "Silva Rodriguez, Julio"]
[Black "Nicolas Zapata, Javier"]
[Result "1-0"]
[WhiteElo "2168"]
[BlackElo "2050"]
[PlyCount "53"]
[EventDate "2012.07.23"]
[EventType "swiss"]
[EventRounds "9"]
[EventCountry "ESP"]
[Source "lmi"]
[SourceDate "2012.07.23"]

1. e4 c5 2. Nf3 Nc6 3. d4 cxd4 4. Nxd4 g6 5. Nc3 Bg7 6. Be3 Nf6 7. Bc4 O-O 8.
Bb3 Ng4 9. Qxg4 Nxd4 10. Qd1 Nxb3 11. axb3 b6 12. h4 Bb7 13. Bd4 e5 14. Be3 b5
15. Bc5 Re8 16. Qd3 a6 17. Rd1 Qc7 18. b4 Bc6 19. h5 Qb7 20. hxg6 fxg6 21. Qh3
h5 22. Rd6 Rad8 23. f3 Kf7 24. Rxg6 Re6 25. Qf5+ Rf6 26. Rxf6+ Bxf6 27. Rxh5
1-0

[Event "España ch sub-18 2012"]
[Site "Salobreña ESP"]
[Date "2012.07.26"]
[Round "6.16"]
[White "Fernandez Gonzalez, Sergio"]
[Black "Navarro Molina, David"]
[Result "1-0"]
[WhiteElo "1959"]
[BlackElo "2141"]
[PlyCount "79"]
[EventDate "2012.07.23"]
[EventType "swiss"]
[EventRounds "9"]
[EventCountry "ESP"]
[Source "lmi"]
[SourceDate "2012.07.23"]

1. e4 c5 2. Nc3 e6 3. f4 Nc6 4. Nf3 a6 5. a4 b6 6. Bc4 Bb7 7. O-O Be7 8. d3 Na5
9. f5 Nxc4 10. dxc4 Qc7 11. Ng5 Nf6 12. Qe2 Bd6 13. Nf3 Ng4 14. g3 O-O-O 15.
Ng5 Ne5 16. Bf4 Rdf8 17. Rad1 f6 18. Nf3 Nxf3+ 19. Qxf3 Bxf4 20. Qxf4 Qxf4 21.
Rxf4 Kc7 22. Rf2 Bc6 23. Re1 Re8 24. Rfe2 g6 25. fxe6 dxe6 26. Rf2 Ref8 27.
Ref1 f5 28. exf5 gxf5 29. Re1 Rf6 30. Ne4 Rg6 31. Nd2 Rd8 32. a5 bxa5 33. Nb3
Kb6 34. Re5 Rd1+ 35. Rf1 Rxf1+ 36. Kxf1 Ba4 37. Nxc5 Bxc2 38. Kf2 Rg4 39. b3
Kc6 40. Nxa6 1-0